Orgullo - Justin Quiles - Estadísticas

Estadísticas generales
  • Esta prueba ha sido intentada 28 veces
  • La puntuación promedio es 303 de 392
Estadísticas de respuestas
Letra % Correcto
a
100%
A
100%
De
100%
de
100%
el
100%
es
100%
Es
100%
está
100%
matan
100%
matando
100%
me
100%
Me
100%
o
100%
100%
se
100%
al
80%
Al
80%
aquel
80%
concluyo
80%
Cuando
80%
cuándo
80%
cuando
80%
día
80%
dice
80%
duerme
80%
Ella
80%
ella
80%
en
80%
eres
80%
estaban
80%
estar
80%
ganas
80%
la
80%
lado
80%
las
80%
llama
80%
llame
80%
llamo
80%
lo
80%
los
80%
más
80%
80%
mi
80%
mía
80%
no
80%
No
80%
nos
80%
orgullo
80%
pa
80%
para
80%
por
80%
que
80%
Que
80%
qué
80%
quiero
80%
sentimiento
80%
Si
80%
si
80%
solo
80%
soy
80%
te
80%
temprano
80%
textea
80%
texteo
80%
ti
80%
tienes
80%
80%
tu
80%
tus
80%
tuyo
80%
un
80%
Un
80%
vaivén
80%
ver
80%
verte
80%
volverte
80%
Y
80%
y
80%
yo
80%
aumentando
60%
beba
60%
besar
60%
buscaré
60%
chocando
60%
corazón
60%
Del
60%
dentro
60%
desde
60%
deseo
60%
Donde
60%
envuelto
60%
Estamos
60%
igual
60%
incontento
60%
juego
60%
labios
60%
llevamos
60%
miradas
60%
Nuestras
60%
Pero
60%
pero
60%
prisioneros
60%
sabes
60%
siento
60%
somos
60%
bebes
40%
besarte
40%
BM
40%
botella
40%
brazos
40%
breves
40%
darte
40%
enredes
40%
iba
40%
jueves
40%
lleves
40%
llueve
40%
Mercedes
40%
mis
40%
momentos
40%
paraguas
40%
Perdóname
40%
pueda
40%
puedas
40%
puede
40%
puedo
40%
Quisiera
40%
sentir
40%
ser
40%
son
40%
Tal
40%
tardes
40%
veces
40%
vez
40%
buscarte
20%
enamorarte
20%
No se encontraron pruebas coincidentes
Distribución de puntuación
Porcentaje de gente con cada puntuación
Porcentaje por número respondido
Historial de tus puntuaciones
No has intentado esta prueba.